[Event "Budapest FS02 FM"]
[Site "Budapest"]
[Date "1999.??.??"]
[Round "?"]
[White "Berczes, Csaba"]
[Black "Jabir, S."]
[Result "0-1"]
[WhiteElo "2146"]
[BlackElo "2201"]
[PlyCount "70"]
[EventDate "1999.02.??"]
[EventType "tourn"]
[EventRounds "9"]
[EventCountry "HUN"]
[SourceTitle "EXT 2004"]
[Source "ChessBase"]
[SourceDate "2003.11.25"]
[SourceVersion "1"]
[SourceVersionDate "2003.11.25"]
[SourceQuality "1"]

1. e4 e6 2. d4 d5 3. Nd2 c5 4. c3 cxd4 5. cxd4 Nc6 6. Ngf3 dxe4 7. Nxe4 Be7 8. Bd3 Nf6 9. Be3 Qb6 10. Qe2 Bb4+ 11. Kf1 Nd5 12. h4 h6 13. Rc1 Nxe3+ 14. fxe3 Be7 15. a3 a5 16. g4 a4 17. Kf2 Ra5 18. Ne5 Bd7 19. Nc4 Qd8 20. Nxa5 Nxa5 21. Bb5 Bxh4+ 22. Kg2 Bc6 23. Bxc6+ bxc6 24. Qa6 0-0 25. Rc5 Nb3 26. Rh5 Be7 27. Qxa4 Qb6 28. Qc4 Rb8 29. Qc3 c5 30. dxc5 Qc6 31. Qe5 Rd8 32. Kg3 Nxc5 33. Nf6+ gxf6 34. Rxh6 Ne4+ 35. Kf3 Ng5+ 0-1

[Event "Budapest FS02 FM"]
[Site "Budapest"]
[Date "1999.??.??"]
[Round "?"]
[White "Jabir, S."]
[Black "Lakat, Gyula"]
[Result "0-1"]
[WhiteElo "2201"]
[BlackElo "2062"]
[PlyCount "90"]
[EventDate "1999.02.??"]
[EventType "tourn"]
[EventRounds "9"]
[EventCountry "HUN"]
[SourceTitle "EXT 2004"]
[Source "ChessBase"]
[SourceDate "2003.11.25"]
[SourceVersion "1"]
[SourceVersionDate "2003.11.25"]
[SourceQuality "1"]

1. d4 Nf6 2. c4 g6 3. Nc3 d5 4. Bf4 Bg7 5. e3 e6 6. cxd5 Nxd5 7. Nxd5 exd5 8. Qa4+ Nd7 9. Nf3 0-0 10. Rc1 c6 11. Bd3 Re8 12. 0-0 Nf6 13. Be5 Nh5 14. Bxg7 Nxg7 15. b4 f6 16. b5 Bd7 17. Nd2 a6 18. bxa6 b5 19. Qa3 Qe7 20. Qxe7 Rxe7 21. a4 Rxa6 22. axb5 cxb5 23. Rc7 Rb6 24. Nb3 Ne6 25. Ra7 Kf7 26. Rc1 Bc6 27. Ra2 b4 28. Ra5 f5 29. f3 Nd8 30. e4 Nb7 31. Ra8 dxe4 32. Bc4+ Kg7 33. d5 Bb5 34. fxe4 Bxc4 35. Rxc4 fxe4 36. Rc6 Rb5 37. d6 Rf7 38. Ra7 Rd5 39. g3 Nxd6 40. Rxf7+ Kxf7 41. Rb6 e3 42. Kf1 Nb5 43. Ke2 Re5 44. g4 Nc3+ 45. Ke1 Rd5 0-1

[Event "Budapest FS02 FM"]
[Site "Budapest"]
[Date "1999.??.??"]
[Round "?"]
[White "Szirmai, Eduard"]
[Black "Jabir, S."]
[Result "0-1"]
[WhiteElo "2208"]
[BlackElo "2201"]
[PlyCount "94"]
[EventDate "1999.02.??"]
[EventType "tourn"]
[EventRounds "9"]
[EventCountry "HUN"]
[SourceTitle "EXT 2004"]
[Source "ChessBase"]
[SourceDate "2003.11.25"]
[SourceVersion "1"]
[SourceVersionDate "2003.11.25"]
[SourceQuality "1"]

1. Nf3 Nf6 2. c4 g6 3. Nc3 Bg7 4. e4 d6 5. d4 0-0 6. h3 e5 7. dxe5 dxe5 8. Qxd8 Rxd8 9. Be2 Na6 10. 0-0 h6 11. Be3 Nh5 12. c5 Nb4 13. Ne1 Nf4 14. Bxf4 exf4 15. Rc1 Rd2 16. Bc4 Rxb2 17. a3 Na6 18. Nd3 Rd2 19. Nb1 Re2 20. f3 Bd4+ 21. Kh1 Be3 22. Ne5 Bxc1 23. Bxe2 Bb2 24. Nd3 Bd4 25. Nxf4 Nxc5 26. Bc4 Kg7 27. Rd1 Be5 28. Nd3 Nxd3 29. Rxd3 b5 30. Bb3 Be6 31. Bxe6 fxe6 32. Rd7+ Kf6 33. Nd2 c5 34. Nf1 b4 35. Ne3 h5 36. Nc4 b3 37. Rd1 Bd4 38. f4 b2 39. e5+ Ke7 40. g4 hxg4 41. hxg4 Rb8 42. Rb1 Rb3 43. Kg2 Rc3 44. Rxb2 Rxc4 45. Rb7+ Kf8 46. Rb8+ Kg7 47. Kg3 g5 0-1

[Event "Budapest FS02 FM"]
[Site "Budapest"]
[Date "1999.??.??"]
[Round "?"]
[White "Vargyas, Zoltan"]
[Black "Jabir, S."]
[Result "1-0"]
[WhiteElo "2165"]
[BlackElo "2201"]
[PlyCount "37"]
[EventDate "1999.02.??"]
[EventType "tourn"]
[EventRounds "9"]
[EventCountry "HUN"]
[SourceTitle "EXT 2004"]
[Source "ChessBase"]
[SourceDate "2003.11.25"]
[SourceVersion "1"]
[SourceVersionDate "2003.11.25"]
[SourceQuality "1"]

1. e4 e6 2. d4 d5 3. Nc3 Nf6 4. e5 Nfd7 5. Nf3 c5 6. dxc5 Bxc5 7. Bd3 Nc6 8. Bf4 Qb6 9. 0-0 Qxb2 10. Nb5 0-0 11. Bd2 d4 12. Qe2 a6 13. Rfb1 Qxb1+ 14. Rxb1 axb5 15. Bxh7+ Kxh7 16. Ng5+ Kg6 17. Qg4 f5 18. exf6 Kxf6 19. Qxe6# 1-0